000 00352 a2200157 4500
001 164250
020 _a
040 _cMagnum
100 _a-
240 1 0 _aOs tres porquinhos/ao livro tecnico
_lpor
245 1 0 _aOs tres porquinhos/ao livro tecnico
362 0 _a1899
440 1 _aAo Livro Técnico
697 _aI/FADAS, FANTASIA
942 _cBK
999 _c164250
_d164250